• 首页
  • 本馆介绍
  • 公告通知
  • 最新文献
  • 馆藏检索
  • 电子资源
  • 读者导购
  • 参考咨询
  • 我的图书馆
  • 登录
  • 详细信息显示
  • 放入我的书架
  • 预约/预借图书
  • 作者相关作品
  • 分类相关作品
  • 丛书相关作品
  • 出版社相关作品

书目信息

  • 表格格式
  • 工作单格式
  • 卡片格式
题名:
铸工
    
 
作者: 上海市第一机电工业局工会 编
分册:  
出版信息: 北京   机械工业出版社  1973.09
页数: 471页
开本: 18cm
丛书名:
单 册:
中图分类: TG24
科图分类:
主题词: 铸造--工艺
电子资源:
ISBN:
000 00616nam0 2200217 45
001 0405211196
005 20040521112555.9
010    @dCNY0.95
100    @a20040521d1973 km y0chiy0120 ea
101 0  @achi
105    @a z 000yy
200 1  @a铸工@AZhu Gong@f上海市第一机电工业局工会编@FShang Hai Shi Di Yi Ji Dian Gong Ye Ju Gong Hui Bian
205    @a试用本
210    @a北京@c机械工业出版社@d1973.09
215    @a471页@d18cm
300    @a工人技术教育读本
606 0  @a铸造@x工艺
690    @aTG24@v3
701  0 @a上海市第一机电工业局工会@4编
801    @aCN@bPftUser@c20040521
905    @f1@b13331@dTG24@e1
    
    铸工/上海市第一机电工业局工会编.-试用本.-北京:机械工业出版社,1973.09
    471页;18cm
    工人技术教育读本
    
    ISBN :CNY0.95
    
●
相关链接 在E读中查询图书 在五车中查询图书 在当当中查询图书 在豆瓣中查询图书


正题名:铸工     索取号:TG24/1         预约/预借

序号 登录号 条形码 馆藏地/架位号 状态 备注
1 0013331   001362661   第三借阅区/ [索取号:TG24/1] 在馆    
唐山师范学院图书馆 欢迎您!
大连网信软件有限公司© 版权所有